000 00818nam a2200253 i 4500
001 bg
100 1 _aDRAPELLA, Antoni
245 1 0 _aLifetime models and renewal processes :
_bnumerical treatment with Mathcad /
_cAntoni Drapella ; Pomeranian Pedagogical Academy.
260 _aSłupsk :
_bWydaw. Pomorskiej Akademii Pedagogicznej,
_c2002.
300 _a74 s. :
_bil. ;
_c28 cm.
504 _aBibliogr.
650 9 _aMathcad
_xstosowanie
650 9 _aNiezawodność urządzeń
_xteoria
650 9 _aModele matematyczne
_xstosowanie
650 9 _aMetoda Monte Carlo
_xstosowanie
650 9 _aPrzekształcenie Laplace'a
_xstosowanie
020 _a8388731025
040 _cBPK
041 0 _aeng
080 _a517:519.2
920 _a83-88731-02-5
942 _cKS
008 s pl f |000 0 pol
999 _c42515
_d42515